000 00548nam a2200181Ia 4500
008 240729s9999 xx 000 0 und d
022 _a1179-8475
245 0 _aResearch Reports in Clinical Cardiology
260 _aUnited Kingdom
260 _bDove Medical Press
650 _a Diseases of the circulatory (Cardiovascular) system
650 _a Internal medicine
650 _a Specialties of internal medicine
650 _aMedicine
856 _uhttps://doaj.org/toc/38b742b179334a9e9767495e4e918f86
942 _2ddc
942 _cDOAJEJ
999 _c73638
_d73638
945 _a1
_bMadushi Gamage
_c1
_dMadushi Gamage